Epopeja hrdinských bojov a mierového budovania

Bibliographic Details
Main Author: Dolejší, Antonín, 1932- (Author)
Format: Article
Language:Slovak
Subjects:

MARC

LEADER 00000nab a2200000 a 4500
001 vtls000098408
003 SK-MaSNL
005 20260304015358.0
008 220422c1981 xo 0 slo
015 |a SNBRB19rr/mm-uuuuu 
035 |a CL0108511 
040 |a SNKBUCL  |b slo  |c SNKBUCL  |e AACR2 
041 0 |a slo 
044 |a xo  |c SK 
080 |a 329.15(47+57)  |2 1981 
100 1 |a Dolejší, Antonín,  |d 1932-  |4 aut  |9 115889 
245 1 0 |a Epopeja hrdinských bojov a mierového budovania  |c Antonín Dolejší 
600 1 7 |a Brežnev, Leonid Iľjič,  |d 1906-1982  |2 snkbucl  |9 251040 
650 0 7 |a prejavy  |2 snkbucl  |9 30062 
655 7 |a recenzie  |2 snkbucl  |9 21907 
655 7 |a články z novín a časopisov  |2 snkbucl  |9 267496 
773 0 |t Život strany  |g Č. 21 (1981), s. 11-14 
787 0 8 |i Rec.:  |a Brežnev, Leonid Iľjič  |t Projevy a stati 1978-1979  |d Praha : Svoboda, 1981 
850 |a Slovenská národná knižnica v Martine  |a MTA001 
852 |a SNK  |b KIS3GCP 
958 |a RK 
958 |a ME 
992 |a RBX 
999 |c 2591069  |d 2592999